00723nam a2200241 i 450000100060000000300090000600500170001500700030003200800410003502000180007608000140009408000070010810000380011524500550015325000120020826000590022030000220027949000380030165000500033965000210038983000380041085200330044882170ES-MaACL20250901015450.0t|041129s1996 sp ||||1| spa d a84-375-0422-8 a165.242.1 a131 aGurméndez, Carlos (d1917-1997)10aOntología de la pasión / cCarlos Gurméndez. a1ª ed. aMadrid, etc. : bFondo de Cultura Económica, c1996. a159 p. ; c21 cm.1 aSección de obras de filosofía 7aEmociones y sentimientos (Filosofía)2embne04aYo (Filosofía)0 aSección de obras de filosofía aES-MaACLjE-10265 bR.134660